• 首页
  • 本馆介绍
  • 公告通知
  • 最新文献
  • 馆藏检索
  • 电子资源
  • 读者导购
  • 参考咨询
  • 我的图书馆
  • 登录
  • 详细信息显示
  • 放入我的书架
  • 预约/预借图书
  • 作者相关作品
  • 分类相关作品
  • 丛书相关作品
  • 出版社相关作品

书目信息

  • 表格格式
  • 工作单格式
  • 卡片格式
题名:
辽金元史论思想研究
    
 
作者: 吴凤霞 著
分册:  
出版信息: 哈尔滨   黑龙江人民出版社  2016
页数: 210页
开本: 24cm
丛书名:
单 册:
中图分类: K240.7
科图分类:
主题词: 辽宋金元时代--liao song jin yuan shi dai--历史--研究
电子资源:
ISBN: 978-7-207-10787-9
000 00934nam0 22002411 450
001 0120081957
005 20170320081957.0
010    @a978-7-207-10787-9@dCNY43.00
100    @a20170112d2016 em y0chiy50 ea
101 0  @achi
102    @aCN@b230000
105    @ay z 000yy
106    @ar
200 1  @a辽金元史论思想研究@9liao jin yuan shi lun si xiang yan jiu@f吴凤霞著
210    @a哈尔滨@c黑龙江人民出版社@d2016
215    @a210页@d24cm
300    @a教育部人文社会科学研究规划基金项目(“辽金元史论与历史文化认同思想”)资助 渤海大学中国史学科博士点筹建经费资助
330    @a本书共分五章,分别是辽金元史论的历史基础;辽朝人对历史与现实的认识;金朝人史论关注的问题;元朝人史论的成就;辽金元史论的思想价值。
606 0  @a辽宋金元时代@9liao song jin yuan shi dai@x历史@x研究
690    @aK240.7@v5
701  0 @a吴凤霞@9wu feng xia@c(女,@f1965-)@4著
801  0 @aCN@bTANGWEI@c20170308
905    @b0954915-7@dK240.7@e32@f3
    
    辽金元史论思想研究/吴凤霞著.-哈尔滨:黑龙江人民出版社,2016
    210页;24cm
    教育部人文社会科学研究规划基金项目(“辽金元史论与历史文化认同思想”)资助 渤海大学中国史学科博士点筹建经费资助
    
    ISBN 978-7-207-10787-9:CNY43.00
    本书共分五章,分别是辽金元史论的历史基础;辽朝人对历史与现实的认识;金朝人史论关注的问题;元朝人史论的成就;辽金元史论的思想价值。
●
相关链接 在E读中查询图书 在五车中查询图书 在当当中查询图书 在豆瓣中查询图书


正题名:辽金元史论思想研究     索取号:K240.7/32         预约/预借

序号 登录号 条形码 馆藏地/架位号 状态 备注
1 0954915   209549158   第二样本阅览室/ [索取号:K240.7/32] 在馆    
2 0954916   209549167   第二借阅区/ [索取号:K240.7/32] 在馆    
3 0954917   209549176   第二借阅区/ [索取号:K240.7/32] 在馆    
唐山师范学院图书馆 欢迎您!
大连网信软件有限公司© 版权所有